Automatic feedback control system synthesis (Record no. 68793)

000 -LEADER
fixed length control field 00446nam a22001697a 4500
003 - CONTROL NUMBER IDENTIFIER
control field NUST - PNEC
005 - DATE AND TIME OF LATEST TRANSACTION
control field 20170116181102.0
008 - FIXED-LENGTH DATA ELEMENTS--GENERAL INFORMATION
fixed length control field 151003b xxu||||| |||| 00| 0 eng d
020 ## - INTERNATIONAL STANDARD BOOK NUMBER
International Standard Book Number -
040 ## - CATALOGING SOURCE
Transcribing agency LIBRARY
082 ## - DEWEY DECIMAL CLASSIFICATION NUMBER
Classification number 621.8 TRU
100 ## - MAIN ENTRY--PERSONAL NAME
9 (RLIN) 12425
Personal name Truxal, John G.
245 ## - TITLE STATEMENT
Title Automatic feedback control system synthesis
Statement of responsibility, etc. John G. Truxal
260 ## - PUBLICATION, DISTRIBUTION, ETC.
Date of publication, distribution, etc. c.1955
650 ## - SUBJECT ADDED ENTRY--TOPICAL TERM
9 (RLIN) 12429
Topical term or geographic name entry element Feedback control systems
General subdivision EE, EL
942 ## - ADDED ENTRY ELEMENTS (KOHA)
Source of classification or shelving scheme
Koha item type Book
Holdings
Withdrawn status Lost status Source of classification or shelving scheme Damaged status Not for loan Permanent Location Current Location Shelving location Date acquired Total Checkouts Full call number Barcode Date last seen Price effective from Koha item type
          Pakistan Navy Engineering College (PNEC) Pakistan Navy Engineering College (PNEC)       621.8 TRU PNECLIB-003112 10/03/2015   Book
© 2023 Central Library, National University of Sciences and Technology. All Rights Reserved.